01004 2200349 4500001002100000005001500021035002000036007000300056040001600059100003100075245009600106250001300202300003300215020001800248041000800266082000800274084001400282090002400296264003500320336002100355337003000376338002300406650001700429850001000446008004100456500002700497700003500524504002700559990002300586990002300609990002200632INLIS00000000000758420260602085121 a0010-0922000073ta aSBUPADbind0 aUnggul PriyantoePengarang1 aMenghasilkan Biodiesel Jarak Pagar Berkualitas /cUnggul Priyanto; Penyunting, Tetty Yullia a.-Cet. 1 aiv, 52 hlm :bilus ;c234 cm a979-006-059-907aind a635 a635 UNG m a635.615 RAH b L19-7 a.--Jakarta :bAgromedia,c2007 2rdacontentateks 2rdamediaatanpa perantara 2rdacarrieravolume 4aHortikultura aPUPAD260602 0  aTentang Penulis hlm 52 aEditor, Tetty YuliaePengarang aBibliografi ,hlm 48-49 a003A/BR/ARPUS/2007 a003B/BR/ARPUS/2007 a003/BR/ARPUS/2007